000 00397 a2200169 4500
001 191281
020 _a
040 _cMagnum
100 _aBorges, Joaquim
240 1 0 _aA batalha do andarilho contra o dragão
_lpor
245 1 0 _aA batalha do andarilho contra o dragão
300 _a194
362 0 _a1996
440 1 _aArmazém de Idéias
697 _aLITERATURA JUVENIL
942 _cBK
999 _c191281
_d191281